00562nam a22001577a 450000500170000001000150001702000260003203500140005803700130007208200120008510000280009724501480012526000360027327000700030930000250037920191119152803.0 aENG-126926 c920.00a9789389137262 aEN-110458 bDBAD/PUB a327.540 aVerma, Shanta Nedungadi aUS strategy and India interest, policy and media :cby Shanta Nedngadi Varmaba study with special reference to India's territorial conflicts / aNew DelhibKW Publishers c2020 a4676/21, First Floor, Ansari Road, Daryaganj, e110002bNew Delhi axxxi,428p.c23cm(Hb)